[Event "ICS rated blitz match"]
[Site "207.99.83.229"]
[Date "1999.07.09"]
[Round "?"]
[White "R-172"]
[Black "Hossa"]
[Result "0-1"]
[WhiteElo "2151"]
[BlackElo "2376"]
[PlyCount "103"]

1. d4 d5 2. c4 c6 3. Nf3 Nf6 4. Nc3 dxc4 5. a4 Bf5 6. e3 e6 7. Bxc4 Bb4 8. O-O
O-O 9. Qe2 Ne4 10. Nxe4 Bxe4 11. Nd2 Bg6 12. Nf3 Bh5 13. Rd1 Qf6 14. e4 Bxf3
15. Qxf3 Qxf3 16. gxf3 Nd7 17. Be3 Rad8 18. a5 Nf6 19. Kf1 Kh8 20. Ke2 Ne8 21.
d5 cxd5 22. exd5 Rc8 23. Bb3 exd5 24. Rxd5 a6 25. Rd7 Bd6 26. f4 Rc7 27. Rd8
Re7 28. Kf3 Kg8 29. Ba4 Bc7 30. Bc5 Bxd8 31. Rd1 Nf6 32. b4 Ree8 33. Bxe8 Rxe8
34. Rd3 Be7 35. Bxe7 Rxe7 36. Rd8+ Re8 37. Rd6 Kf8 38. Rb6 Re7 39. b5 axb5 40.
Rxb5 Kg8 41. Rb6 h5 42. a6 bxa6 43. Rxa6 Kh7 44. Ra5 h4 45. h3 Kg6 46. Rg5+ Kh6
47. Rf5 Rd7 48. Re5 Rd3+ 49. Kg2 Nd5 50. Re4 Kg6 51. Kh2 Kf5 52. Ra4 {
R-172 resigns} 0-1

[Event "ICS rated standard match"]
[Site "207.99.83.229"]
[Date "1999.07.09"]
[Round "?"]
[White "Idiota"]
[Black "Hossa"]
[Result "0-1"]
[WhiteElo "2131"]
[BlackElo "2259"]
[PlyCount "52"]

1. d4 d5 2. c4 c6 3. cxd5 cxd5 4. Nf3 Nf6 5. Nc3 e6 6. e3 Nc6 7. Bb5 Bd7 8.
Bxc6 Bxc6 9. Ne5 Rc8 10. O-O Bd6 11. f4 O-O 12. g4 Be8 13. h4 Ne4 14. Nxe4 dxe4
15. g5 f6 16. gxf6 gxf6 17. Ng4 f5 18. Nf2 Qxh4 19. Nh1 Kh8 20. Rf2 Rg8+ 21.
Rg2 Rxg2+ 22. Kxg2 Ba4 23. Qd2 Rg8+ 24. Ng3 Qxg3+ 25. Kf1 Bb5+ 26. Qe2 26...
Qg1# {Idiota checkmated} 0-1

[Event "ICS rated blitz match"]
[Site "207.99.83.229"]
[Date "1999.07.09"]
[Round "?"]
[White "Hossa"]
[Black "Ilias"]
[Result "1/2-1/2"]
[WhiteElo "2383"]
[BlackElo "2200"]
[PlyCount "239"]

1. e4 c6 2. d4 d5 3. Nc3 dxe4 4. Nxe4 Bf5 5. Ng3 Bg6 6. h4 h6 7. Nf3 Nd7 8. h5
Bh7 9. Bd3 Bxd3 10. Qxd3 Qc7 11. Bd2 e6 12. O-O-O Ngf6 13. Rhe1 O-O-O 14. Qc4
Bd6 15. Qa4 Kb8 16. Ba5 Nb6 17. Bxb6 axb6 18. Ne4 b5 19. Qb3 Nd5 20. Kb1 Rhe8
21. g3 Qa5 22. Rc1 Qb4 23. Qxb4 Bxb4 24. c3 Ba5 25. Ne5 Re7 26. Re2 Bc7 27. Nf3
Ba5 28. Rce1 Bc7 29. Kc2 Ba5 30. Ra1 Bc7 31. Ree1 Bd6 32. a4 bxa4 33. Rxa4 Kc7
34. Ra7 Ree8 35. Rea1 Rb8 36. c4 Nf6 37. Nxf6 gxf6 38. R1a5 Rg8 39. b3 Rg4 40.
Ra4 c5 41. d5 Re4 42. Kd3 f5 43. R4a5 Rg4 44. Ra2 f4 45. dxe6 fxe6 46. Nh2 Rg7
47. g4 f3 48. Nxf3 Rxg4 49. Ra8 Rf4 50. Rxb8 Kxb8 51. Ke2 Rf5 52. Rd2 Kc7 53.
b4 Rxh5 54. bxc5 Bxc5 55. Rd1 Rf5 56. Rh1 h5 57. Rg1 e5 58. Rg7+ Kb6 59. Rg6+
Ka5 60. Re6 Kb4 61. Rxe5 Rxe5+ 62. Nxe5 Bd4 63. f4 h4 64. Kf3 b5 65. cxb5 Kxb5
66. Ng6 h3 67. Kg3 Kc6 68. f5 Kd7 69. Kxh3 Ke8 70. Kg3 Kf7 71. Kf4 Ba1 72. Ke4
Bb2 73. Nf4 Ba1 74. Nh5 Bb2 75. Ke3 Ba1 76. Kf4 Bb2 77. Ng3 Ba1 78. Ne4 Bb2 79.
Nf2 Ba1 80. Ng4 Bb2 81. Ke3 Ba1 82. Ke4 Bb2 83. Kd5 Ba1 84. Ne3 Bb2 85. Ke4 Ba1
86. Kf4 Bb2 87. Nd5 Ba1 88. Kg5 Bb2 89. Kg4 Ba1 90. Kf4 Bb2 91. Ke4 Ba1 92. Kd3
Bb2 93. Kc4 Ba1 94. Kc5 Bb2 95. Kc6 Ba1 96. Kb5 Bb2 97. Kb6 Ba1 98. Kb7 Bb2 99.
Kc7 Ba1 100. Kc8 Bb2 101. Kb8 Ba1 102. Ka7 Bb2 103. Ka6 Ba1 104. Ka5 Bb2 105.
Kb5 Ba1 106. Kc4 Bb2 107. Kd3 Ba1 108. Ke4 Bb2 109. Ke3 Ba1 110. Kf2 Bb2 111.
Kg2 Ba1 112. Kg3 Bb2 113. Kf3 Ba1 114. Kg4 Bb2 115. Kg5 Ba1 116. Nb6 Bb2 117.
Nd7 Ba1 118. Kh6 Bb2 119. Nf8 Ba1 120. Ne6 {Game drawn by the 50 move rule}
1/2-1/2

[Event "ICS rated blitz match"]
[Site "207.99.83.229"]
[Date "1999.07.09"]
[Round "?"]
[White "Ilias"]
[Black "Hossa"]
[Result "1-0"]
[WhiteElo "2287"]
[BlackElo "2383"]
[PlyCount "79"]

1. e4 c6 2. d4 d5 3. exd5 cxd5 4. c4 Nc6 5. Nc3 dxc4 6. d5 Ne5 7. Qd4 Nd3+ 8.
Bxd3 cxd3 9. Nf3 Bf5 10. Bg5 Qa5 11. O-O Rc8 12. Rfe1 Qb6 13. Qf4 Bg6 14. Nd4
h6 15. Bh4 Qxb2 16. Ncb5 d2 17. Red1 a6 18. Nc7+ Kd7 19. Bg3 Nf6 20. Nde6 fxe6
21. dxe6+ Kc6 22. f3 b5 23. a4 Kb7 24. axb5 axb5 25. Bf2 Qxa1 26. Rxa1 d1=Q+
27. Rxd1 Rxc7 28. Qb4 Be8 29. Qa5 Rc5 30. Bxc5 Nd5 31. Qa7+ Kc6 32. Qa8+ Kxc5
33. Rxd5+ Kc4 34. Rd8 Bg6 35. Qc6+ Kb4 36. Rd4+ Ka5 37. Qc7+ Ka6 38. Rd8 b4 39.
Rb8 h5 40. Qb6# {Hossa checkmated} 1-0

[Event "ICS rated standard match"]
[Site "207.99.83.229"]
[Date "1999.07.09"]
[Round "?"]
[White "Hossa"]
[Black "Ares"]
[Result "0-1"]
[WhiteElo "2252"]
[BlackElo "2131"]
[PlyCount "109"]

1. e4 c5 2. Nf3 d6 3. d4 cxd4 4. Qxd4 Nf6 5. Qa4+ Nc6 6. Bg5 e6 7. Bb5 Bd7 8.
Nc3 a6 9. Be2 Be7 10. Qb3 b5 11. Rd1 Qc7 12. O-O O-O 13. Bd3 Na5 14. Qa3 Bc6
15. Qb4 d5 16. Qd4 dxe4 17. Nxe4 Nxe4 18. Bxe4 Rfd8 19. Bxh7+ Kxh7 20. Qh4+ Kg8
21. Rxd8+ Bxd8 22. Bxd8 Qxd8 23. Ng5 Qd5 24. f3 Qf5 25. Re1 Re8 26. Qh5 Qg6 27.
Qxg6 fxg6 28. Rxe6 Rxe6 29. Nxe6 Nc4 30. b3 Ne3 31. c3 a5 32. a3 Nc2 33. b4 a4
34. Nd4 Nxd4 35. cxd4 Kf7 36. Kf2 Ke6 37. Ke2 Kd5 38. Kd3 Bd7 39. h4 Bf5+ 40.
Kc3 Bb1 41. g3 Ba2 42. Kd3 Bb1+ 43. Kc3 Bf5 44. g4 Bb1 45. f4 Be4 46. h5 gxh5
47. gxh5 Bf5 48. Kd2 Kxd4 49. Ke2 Bg4+ 50. Kf2 Bxh5 51. f5 Bg4 52. Kg3 Bxf5 53.
Kf3 g5 54. Kg3 Kc4 55. Kf2 {Hossa resigns} 0-1

[Event "ICS rated blitz match"]
[Site "207.99.83.229"]
[Date "1999.07.09"]
[Round "?"]
[White "Hossa"]
[Black "Farendil"]
[Result "1-0"]
[WhiteElo "2381"]
[BlackElo "2263"]
[PlyCount "86"]

1. e4 e5 2. Nf3 Nc6 3. Bb5 a6 4. Bxc6 dxc6 5. O-O Qd6 6. d4 exd4 7. Qxd4 Qxd4
8. Nxd4 Bd7 9. Rd1 O-O-O 10. Bg5 Re8 11. Nc3 c5 12. Nb3 b6 13. Rd2 Bc6 14. Re1
Ne7 15. Red1 f6 16. Be3 Ng6 17. f3 a5 18. Nd5 Ne5 19. Rf2 Nc4 20. Bc1 a4 21.
Nd2 Nd6 22. Nf1 c4 23. Bf4 Bxd5 24. Rxd5 Nb7 25. Be3 a3 26. b3 cxb3 27. cxb3
Rd8 28. Rxd8+ Kxd8 29. Ng3 Bc5 30. Rd2+ Kc8 31. Bxc5 Nxc5 32. b4 Ne6 33. Rd3
Rd8 34. Rxa3 Rd1+ 35. Nf1 Kb7 36. Rc3 Rb1 37. a3 Nd4 38. Rd3 c5 39. Kf2 Nc2 40.
bxc5 bxc5 41. Rd7+ Kc6 42. Rxg7 c4 43. Nd2 43... c3 {Farendil resigns} 1-0

[Event "ICS rated blitz match"]
[Site "207.99.83.229"]
[Date "1999.07.09"]
[Round "?"]
[White "Hello"]
[Black "Hossa"]
[Result "0-1"]
[WhiteElo "2230"]
[BlackElo "2392"]
[PlyCount "24"]

1. e4 d5 2. exd5 Qxd5 3. Nc3 Qa5 4. d4 Nf6 5. Nf3 Bf5 6. Be2 Nc6 7. O-O O-O-O
8. h3 e5 9. Bd2 Nxd4 10. Nxd4 Rxd4 11. Ne4 Qd5 12. Nxf6 12... gxf6 {
Hello resigns} 0-1

[Event "ICS Rated standard match"]
[Site "207.99.83.229"]
[Date "1999.07.09"]
[Round "?"]
[White "Themaster69"]
[Black "Hossa"]
[Result "1-0"]
[WhiteElo "2306"]
[BlackElo "2231"]
[PlyCount "86"]

1. e4 d5 2. exd5 Qxd5 3. Nc3 Qa5 4. d4 Nf6 5. Nf3 Bf5 6. Bc4 c6 7. Ne5 e6 8. g4
Bb4 9. gxf5 Bxc3+ 10. Kf1 Bb4 11. fxe6 fxe6 12. Bxe6 Rf8 13. Kg2 Ke7 14. Qe2
Qc7 15. Bf4 Bd6 16. Bc4 Kd8 17. Nf7+ Rxf7 18. Bxd6 Qxd6 19. Bxf7 Nbd7 20. Rad1
Kc7 21. Rhe1 Rf8 22. Be6 Re8 23. c4 Kb8 24. c5 Qf8 25. Qf3 Re7 26. Qf4+ Ka8 27.
Bc4 Re8 28. Qd6 Qh8 29. Rxe8+ Qxe8 30. Kf1 Qe4 31. Re1 Qh1+ 32. Ke2 Qg2 33. Be6
Nb8 34. Bf5 Qg5 35. Qe5 Qh4 36. Bc8 Ne4 37. Rf1 Nf6 38. Kd3 Nbd7 39. Qe6 Qxh2
40. Bxd7 Qg2 41. Re1 Qf3+ 42. Re3 Qd1+ 43. Kc3 43... Nd5+ {Hossa resigns} 1-0

[Event "ICS rated blitz match"]
[Site "207.99.83.229"]
[Date "1999.07.09"]
[Round "?"]
[White "Hossa"]
[Black "bookbuilder"]
[Result "0-1"]
[WhiteElo "2393"]
[BlackElo "2630"]
[PlyCount "61"]

1. e4 e6 2. d4 d5 3. Nc3 Nf6 4. Bg5 Be7 5. e5 Nfd7 6. h4 Bxg5 7. hxg5 Qxg5 8.
Nf3 Qe7 9. Qd3 h6 10. O-O-O c5 11. dxc5 Nc6 12. Re1 O-O 13. Qd2 Qxc5 14. Rh4 d4
15. Nb5 d3 16. Bxd3 Ndxe5 17. Nxe5 Nxe5 18. Bf1 Nc6 19. Rg4 e5 20. Rg3 Bf5 21.
c3 Nb4 22. a3 Na2+ 23. Kd1 Rfd8 24. Bd3 a6 25. Nd4 exd4 26. Qxh6 Bg6 27. Rxg6
fxg6 28. Qxg6 dxc3 29. Qe6+ Kf8 30. Rh1 Rxd3+ 31. Ke1 {Hossa resigns} 0-1

[Event "ICS rated bullet match"]
[Site "207.99.83.229"]
[Date "1999.07.09"]
[Round "?"]
[White "Hossa"]
[Black "lhg"]
[Result "0-1"]
[WhiteElo "2392"]
[BlackElo "2254"]
[PlyCount "40"]

1. e4 e5 2. Nf3 Nc6 3. Bb5 a6 4. Bxc6 dxc6 5. O-O Bg4 6. h3 h5 7. d3 Qf6 8.
hxg4 hxg4 9. Bg5 Qg6 10. Nxe5 Qh5 11. f4 Bc5+ 12. d4 Bxd4+ 13. Qxd4 Ne7 14.
Qd7+ Kf8 15. Qxe7+ Kg8 16. Qxc7 Rf8 17. Qxb7 g3 18. Qxf7+ Rxf7 19. Bh4 Qxh4 20.
Nxf7 20... Qh1# {Hossa checkmated} 0-1

[Event "ICS rated bullet match"]
[Site "207.99.83.229"]
[Date "1999.07.09"]
[Round "?"]
[White "lhg"]
[Black "Hossa"]
[Result "0-1"]
[WhiteElo "2276"]
[BlackElo "2370"]
[PlyCount "32"]

1. e4 e5 2. Nf3 Nc6 3. Bc4 Bc5 4. c3 Nf6 5. d4 exd4 6. b4 Bb6 7. e5 Qe7 8. O-O
Nxe5 9. Nxe5 Qxe5 10. Re1 Ne4 11. cxd4 Bxd4 12. Qd3 Bxf2+ 13. Kf1 Bxe1 14. Bb2
Qxb2 15. Qxe4+ Kf8 16. Qd5 16... Qf2# {lhg checkmated} 0-1

[Event "ICS rated standard match"]
[Site "207.99.83.229"]
[Date "1999.07.10"]
[Round "?"]
[White "Hossa"]
[Black "Thaggins"]
[Result "1-0"]
[WhiteElo "2218"]
[BlackElo "1822"]
[PlyCount "40"]

1. e4 e5 2. Nf3 Nc6 3. Bb5 d6 4. Bxc6+ bxc6 5. O-O Bg4 6. Qe2 Qf6 7. Qa6 Kd7 8.
Ne1 Be7 9. Nc3 Qg6 10. f3 Be6 11. f4 exf4 12. d4 Nf6 13. Qa4 d5 14. Nd3 Nxe4
15. Ne5+ Kc8 16. Qxc6 Qxg2+ 17. Kxg2 Rb8 18. Qa6+ Rb7 19. Nc6 Bc5 20. Na5 20...
Nd6 {Thaggins resigns} 1-0

[Event "ICS rated blitz match"]
[Site "207.99.83.229"]
[Date "1999.07.10"]
[Round "?"]
[White "occam"]
[Black "Hossa"]
[Result "1-0"]
[WhiteElo "2347"]
[BlackElo "2386"]
[PlyCount "70"]

1. e4 e5 2. Nf3 Nc6 3. d4 exd4 4. Nxd4 Nf6 5. Nxc6 bxc6 6. e5 Qe7 7. Qe2 Nd5 8.
a4 Qb4+ 9. c3 Qe7 10. Nd2 Rb8 11. Nf3 d6 12. a5 Bg4 13. Ra4 Bxf3 14. gxf3 dxe5
15. Qa6 Qd6 16. Rc4 Ne7 17. Qxa7 Rd8 18. Be2 Qg6 19. Re4 Qg2 20. Rf1 f6 21. a6
Nd5 22. Qb7 Kf7 23. a7 Bd6 24. Qxc6 Ne7 25. Qc4+ Kf8 26. Qa6 g5 27. a8=Q Rxa8
28. Qxa8+ Kg7 29. Qb7 Qxh2 30. Ra4 Qg2 31. Rg4 Qh2 32. f4 e4 33. Qxe4 h5 34.
Rgg1 Qh3 35. fxg5 35... Qf5 {Hossa resigns} 1-0

[Event "ICS rated bullet match"]
[Site "207.99.83.229"]
[Date "1999.07.10"]
[Round "?"]
[White "Hossa"]
[Black "DiepX"]
[Result "0-1"]
[WhiteElo "2382"]
[BlackElo "2556"]
[PlyCount "65"]

1. e4 e5 2. Nf3 Nc6 3. d4 exd4 4. Nxd4 Nf6 5. Nxc6 bxc6 6. e5 Qe7 7. Qe2 Nd5 8.
a4 Qc5 9. Ra3 Ba6 10. Qd1 Bxf1 11. Kxf1 Nb6 12. Rg1 Qa5 13. Rd3 O-O-O 14. f4
Bc5 15. Rh1 f6 16. Bd2 Qxa4 17. b3 Qe4 18. Nc3 Qg6 19. Qa1 fxe5 20. Qxa7 exf4
21. Qa6+ Kb8 22. Bxf4 Qf5 23. Rf3 Qxc2 24. b4 Bd4 25. b5 g5 26. bxc6 dxc6 27.
Bg3 g4 28. Rf7 Qc1+ 29. Be1 Rhf8 30. Qa2 Bxc3 31. Kf2 Nd5 32. Rf3 Rxf3+ 33.
gxf3 {Hossa resigns} 0-1

[Event "ICS rated standard match"]
[Site "207.99.83.229"]
[Date "1999.07.10"]
[Round "?"]
[White "ChessBlade"]
[Black "Hossa"]
[Result "0-1"]
[WhiteElo "1960"]
[BlackElo "2221"]
[PlyCount "132"]

1. e4 e5 2. Nf3 Nc6 3. Bb5 a6 4. Ba4 Bc5 5. c3 Nf6 6. d3 b5 7. Bb3 O-O 8. O-O
Bb7 9. Bg5 Bd6 10. d4 Qe7 11. Nbd2 Rae8 12. d5 Na5 13. Bc2 Rc8 14. Bd3 c6 15.
dxc6 Nxc6 16. c4 Nb4 17. Be2 bxc4 18. Bxc4 a5 19. Qb3 Rc7 20. Rac1 h6 21. Nh4
Rxc4 22. Qxc4 Ba6 23. Nf5 Qd8 24. Qb3 Bxf1 25. Kxf1 hxg5 26. Nxd6 Ng4 27. N6c4
d5 28. Ne3 dxe4 29. Nxe4 Qd3+ 30. Qxd3 Nxd3 31. Rc3 Nxe3+ 32. fxe3 Nxb2 33.
Nxg5 f6 34. Nf3 Rd8 35. Rc7 Rd1+ 36. Ke2 Ra1 37. Rc8+ Kh7 38. e4 Rxa2 39. Nd2
Kg6 40. Rc6 Ra3 41. Rc7 Nd3 42. g3 Nb4 43. Nc4 Ra2+ 44. Kf3 Rc2 45. Rc8 a4 46.
Rc7 a3 47. Ra7 Rc3+ 48. Kf2 Rxc4 49. Rxa3 Rxe4 50. h3 Kg5 51. Kf3 Rd4 52. Re3
Rd3 53. Rxd3 Nxd3 54. h4+ Kh5 55. Ke3 Nc5 56. Kf3 g6 57. Kg2 Kg4 58. Kh2 e4 59.
Kg2 e3 60. h5 gxh5 61. Kf1 Kf3 62. Ke1 Nd3+ 63. Kd1 e2+ 64. Kc2 Ke4 65. g4 e1=Q
66. gxh5 66... Qe2+ {ChessBlade resigns} 0-1

[Event "ICS rated bullet match"]
[Site "207.99.83.229"]
[Date "1999.07.10"]
[Round "?"]
[White "Tim"]
[Black "Hossa"]
[Result "1/2-1/2"]
[WhiteElo "2106"]
[BlackElo "2373"]
[PlyCount "74"]

1. d4 d5 2. e4 dxe4 3. Nc3 e5 4. Nxe4 Qxd4 5. Bd3 Nc6 6. Nf3 Qd8 7. Qe2 Bb4+ 8.
c3 Be7 9. O-O f5 10. Neg5 e4 11. Bc4 exf3 12. Qxf3 Ne5 13. Qe2 Nxc4 14. Qxc4
Bxg5 15. Re1+ Be7 16. Bg5 Qd7 17. Rxe7+ Nxe7 18. Re1 c6 19. Rxe7+ Qxe7 20. Bxe7
Kxe7 21. Qc5+ Kf7 22. Qb4 Re8 23. f3 g5 24. Kf2 Rd8 25. f4 Rd2+ 26. Kf3 gxf4
27. Qxf4 Rxb2 28. Qc7+ Kg6 29. Qd6+ Kh5 30. Qf8 c5 31. Qf7+ Kg5 32. Qg7+ Kh5
33. Qxh7+ Kg5 34. Qg7+ Kh5 35. Qh7+ Kg5 36. Qg7+ Kh5 37. Qh7+ 37... Kg5 {
Game drawn by repetition} 1/2-1/2

[Event "ICS rated bullet match"]
[Site "207.99.83.229"]
[Date "1999.07.10"]
[Round "?"]
[White "Tim"]
[Black "Hossa"]
[Result "0-1"]
[WhiteElo "2122"]
[BlackElo "2363"]
[PlyCount "104"]

1. d4 d5 2. e4 dxe4 3. Nc3 e5 4. Nxe4 Qxd4 5. Bd3 Nc6 6. Nf3 Qd8 7. Qe2 Bb4+ 8.
c3 Be7 9. O-O f5 10. Neg5 e4 11. Bc4 exf3 12. Qxf3 Ne5 13. Qe2 Nxc4 14. Qxc4
Bxg5 15. Re1+ Be7 16. Bg5 Qd7 17. Rad1 Qxd1 18. Rxd1 Bxg5 19. Qxc7 Be7 20. Re1
Kf7 21. f4 Kf6 22. Qe5+ Kf7 23. Qc7 a6 24. c4 a5 25. c5 a4 26. b4 axb3 27. axb3
h6 28. b4 Rh7 29. b5 Rh8 30. c6 b6 31. Qxb6 Bh4 32. g3 Bf6 33. Qc7+ Ne7 34. b6
Ba6 35. b7 Rad8 36. Qb6 Bd4+ 37. Qxd4 Rxd4 38. Rb1 Nxc6 39. b8=Q Rxb8 40. Rxb8
Nxb8 41. Kf2 Rd2+ 42. Ke3 Rxh2 43. Kd4 Rd2+ 44. Kc5 Rd3 45. Kb6 Rxg3 46. Kc5
Rf3 47. Kd5 Rxf4 48. Ke5 Rf3 49. Kd5 Rd3+ 50. Ke5 Bc8 51. Kf4 g5+ 52. Ke5 52...
Nc6# {Tim checkmated} 0-1

[Event "ICS Rated standard match"]
[Site "207.99.83.229"]
[Date "1999.07.10"]
[Round "?"]
[White "robbok1"]
[Black "Hossa"]
[Result "1-0"]
[WhiteElo "2449"]
[BlackElo "2227"]
[PlyCount "106"]

1. e4 c5 2. Nf3 Nc6 3. d4 cxd4 4. Nxd4 Nf6 5. Nc3 e5 6. Ndb5 d6 7. Bg5 a6 8.
Na3 b5 9. Nd5 Be7 10. Bxf6 Bxf6 11. c4 b4 12. Nc2 Rb8 13. a3 bxa3 14. Rxa3 Rxb2
15. Qa1 Rb8 16. Be2 O-O 17. O-O Bh4 18. g3 Bg5 19. f4 exf4 20. gxf4 Bh4 21. Nd4
Nxd4 22. Qxd4 Re8 23. Rd1 Re6 24. Bf3 Rh6 25. Bg2 Kh8 26. h3 Rg6 27. Kh2 Qf8
28. Qd2 f5 29. Rda1 fxe4 30. Bxe4 Re6 31. Bf3 Bf6 32. R1a2 Bd8 33. Bg4 Re8 34.
Re3 Bb7 35. Rb3 Bh4 36. Ra1 Bxd5 37. Rxb8 Rxb8 38. cxd5 Bf6 39. Ra2 Rb6 40. Rc2
Bd8 41. Ra2 Bc7 42. Qc1 Qb8 43. Re2 Kg8 44. Be6+ Kh8 45. Bf7 Qf8 46. Re8 Qxe8
47. Bxe8 Rb7 48. Bf7 a5 49. Qc6 Rb2+ 50. Kg3 Rb3+ 51. Kg4 Rb8 52. Qxc7 Ra8 53.
Qb7 53... Rf8 {Hossa resigns} 1-0

[Event "ICS rated blitz match"]
[Site "207.99.83.229"]
[Date "1999.07.10"]
[Round "?"]
[White "Hossa"]
[Black "Kengtin"]
[Result "1-0"]
[WhiteElo "2371"]
[BlackElo "2197"]
[PlyCount "43"]

1. e4 c5 2. Nf3 e6 3. Nc3 a6 4. d3 Nc6 5. Be2 Nge7 6. O-O d5 7. Bg5 d4 8. Na4
f6 9. Bd2 Ng6 10. c3 b5 11. cxd4 bxa4 12. Qxa4 Bd7 13. dxc5 Bxc5 14. Qc4 Be7
15. d4 e5 16. d5 Nb8 17. Qb3 Bg4 18. Qb7 Nd7 19. Rfc1 O-O 20. d6 Bxd6 21. Qd5+
Kh8 22. Qxd6 {Kengtin resigns} 1-0

[Event "ICS Rated standard match"]
[Site "207.99.83.229"]
[Date "1999.07.10"]
[Round "?"]
[White "Hossa"]
[Black "ohiogm"]
[Result "0-1"]
[WhiteElo "2220"]
[BlackElo "2166"]
[PlyCount "95"]

1. e4 e6 2. d4 d5 3. e5 c5 4. c3 Nc6 5. Nf3 Qb6 6. Be2 cxd4 7. cxd4 Nh6 8. Bd3
Bd7 9. Bc2 g5 10. O-O g4 11. Ng5 Qxd4 12. Nxh7 Qxe5 13. Nxf8 Kxf8 14. Re1 Qd6
15. b3 Nf5 16. Ba3 Nb4 17. g3 e5 18. Bxb4 Qxb4 19. Bxf5 Bxf5 20. Rxe5 Be4 21.
Qd2 Qxd2 22. Nxd2 f6 23. Re6 Kf7 24. Rxe4 dxe4 25. Nxe4 Rad8 26. Kg2 Rhe8 27.
f3 Rd3 28. Rf1 f5 29. fxg4 Rxe4 30. Rxf5+ Kg6 31. Rf2 Rxg4 32. Re2 Rgd4 33. h3
Rd2 34. Kf1 R4d3 35. Rxd2 Rxd2 36. a4 a5 37. Kg1 Rd3 38. Kg2 Rxb3 39. h4 Rb4
40. Kf3 Rxa4 41. g4 b5 42. Kg3 Rxg4+ 43. Kxg4 a4 44. h5+ Kh6 45. Kf4 a3 46. Kf5
a2 47. Kf4 a1=Q 48. Kf5 {Hossa resigns} 0-1

[Event "ICS rated standard match"]
[Site "207.99.83.229"]
[Date "1999.07.10"]
[Round "?"]
[White "tusk"]
[Black "Hossa"]
[Result "0-1"]
[WhiteElo "1963"]
[BlackElo "2208"]
[PlyCount "29"]

1. e4 e5 2. Nf3 Nc6 3. d4 exd4 4. Bc4 Bb4+ 5. c3 dxc3 6. bxc3 Ba5 7. O-O Nge7
8. Qb3 O-O 9. Ng5 Ne5 10. Bf4 N7g6 11. Bxe5 Nxe5 12. f4 Nxc4 13. Qxc4 Qf6 14.
e5 Qa6 15. Rf3 {tusk resigns} 0-1

[Event "ICS rated standard match"]
[Site "207.99.83.229"]
[Date "1999.07.10"]
[Round "?"]
[White "Hossa"]
[Black "fishless"]
[Result "1-0"]
[WhiteElo "2214"]
[BlackElo "2007"]
[PlyCount "121"]

1. e4 c5 2. Nf3 b6 3. Bc4 e6 4. Nc3 Bb7 5. O-O d5 6. Bb5+ Nd7 7. exd5 a6 8.
dxe6 axb5 9. exd7+ Qxd7 10. Re1+ Ne7 11. Ne5 Qe6 12. Nxb5 O-O-O 13. Nc6 Qg6 14.
Rxe7 Bxc6 15. Na7+ Kb8 16. Nxc6+ Qxc6 17. Rxf7 Qe6 18. Rf3 Bd6 19. Re3 Qh6 20.
Rh3 Qf6 21. a4 Rhf8 22. Qf1 Be5 23. a5 Bd4 24. axb6 Bxf2+ 25. Kh1 c4 26. Qxc4
Bxb6 27. Rf3 Qe5 28. Qh4 Rxf3 29. gxf3 Rd6 30. Qe4 Qxe4 31. fxe4 Rg6 32. h3
Rg1+ 33. Kh2 Re1 34. b3 Rxe4 35. Ra2 Kc7 36. c3 Re1 37. Ra1 Kd7 38. b4 Bc7+ 39.
Kg2 Re2+ 40. Kf3 Rh2 41. Kg4 Rg2+ 42. Kf5 Rh2 43. d3 Rxh3 44. Ke4 Rh2 45. Be3
Rh4+ 46. Kd5 Rh3 47. Re1 Rh5+ 48. Kc4 Kc6 49. Bd4 g6 50. Re7 Bd6 51. Rf7 h6 52.
Ra7 Be5 53. Bc5 Bc7 54. b5+ Kd7 55. b6 Rh4+ 56. Kb5 Ke6 57. Rxc7 Rh3 58. Kc4
Rh4+ 59. d4 g5 60. b7 g4 61. b8=Q {fishless resigns} 1-0

[Event "ICS Rated standard match"]
[Site "207.99.83.229"]
[Date "1999.07.10"]
[Round "?"]
[White "Themaster69"]
[Black "Hossa"]
[Result "1-0"]
[WhiteElo "2324"]
[BlackElo "2221"]
[PlyCount "120"]

1. e4 e5 2. Nf3 Nc6 3. Bb5 a6 4. Ba4 Nf6 5. O-O Be7 6. Re1 b5 7. Bb3 O-O 8. c3
d6 9. h3 Re8 10. d4 h6 11. Nbd2 Bf8 12. Nf1 exd4 13. cxd4 d5 14. exd5 Rxe1 15.
Qxe1 Nxd5 16. Qe4 Be6 17. Bd2 Qd6 18. Rc1 Re8 19. Ne3 Nce7 20. Nxd5 Nxd5 21.
Ba5 Qd8 22. Qc2 Bd6 23. Qc6 Nf4 24. Re1 Nd3 25. Re4 Nxb2 26. Bxe6 fxe6 27. d5
Qc8 28. dxe6 Nd3 29. Nd4 Kh8 30. Nf5 Ne5 31. Qd5 Rxe6 32. Nxd6 cxd6 33. f4 Nf3+
34. gxf3 Rxe4 35. fxe4 Qxh3 36. f5 Qg3+ 37. Kf1 Qf3+ 38. Ke1 Kh7 39. Bb4 Qe3+
40. Kd1 Qf3+ 41. Kc2 Qe2+ 42. Kb3 Qf3+ 43. Bc3 Qg3 44. Qb7 Qg1 45. f6 Qb1+ 46.
Ka3 Qc1+ 47. Kb4 Qb1+ 48. Ka5 Qxa2+ 49. Kb6 Qf2+ 50. Kxa6 Qa2+ 51. Ba5 Qg8 52.
f7 Qf8 53. Qd7 d5 54. exd5 b4 55. Qe8 Qd6+ 56. Bb6 b3 57. f8=Q Qxf8 58. Qxf8
Kg6 59. Qf3 Kg5 60. Be3+ 60... Kg6 {Hossa resigns} 1-0

[Event "ICS rated blitz match"]
[Site "207.99.83.229"]
[Date "1999.07.10"]
[Round "?"]
[White "ducy"]
[Black "Hossa"]
[Result "1-0"]
[WhiteElo "2149"]
[BlackElo "2386"]
[PlyCount "98"]

1. d4 Nf6 2. c4 e6 3. Nc3 c5 4. d5 exd5 5. cxd5 d6 6. e4 g6 7. f4 Nbd7 8. Nf3
Bh6 9. Be2 Nh5 10. g3 O-O 11. O-O Bg7 12. a4 Re8 13. Qc2 Qe7 14. Bd2 Bxc3 15.
Qxc3 Ndf6 16. e5 Ne4 17. Qc2 Nexg3 18. hxg3 Nxg3 19. Bd3 Nxf1 20. Rxf1 Bh3 21.
Rf2 Bg4 22. Ng5 c4 23. Qxc4 f6 24. exf6 Qxf6 25. Rh2 Qxb2 26. Qc7 Qd4+ 27. Kg2
Qxd5+ 28. Ne4 Bf3+ 29. Kg3 Bxe4 30. Bc4 Qxc4 31. Qxc4+ d5 32. Qc7 g5 33. Bc3
gxf4+ 34. Kxf4 Rf8+ 35. Ke3 Rf3+ 36. Ke2 Rxc3 37. Qxc3 Re8 38. Kd2 Kf7 39. Rh4
Re7 40. Rf4+ Ke6 41. Qc8+ Rd7 42. Rf6+ Kxf6 43. Qxd7 h5 44. Qc7 Kg5 45. Qxb7 a5
46. Qe7+ Kg4 47. Ke3 h4 48. Qg7+ Kf5 49. Qh7+ 49... Kg4 {Hossa resigns} 1-0

[Event "ICS rated blitz match"]
[Site "207.99.83.229"]
[Date "1999.07.10"]
[Round "?"]
[White "nluis"]
[Black "Hossa"]
[Result "1-0"]
[WhiteElo "2469"]
[BlackElo "2361"]
[PlyCount "107"]

1. e4 e6 2. d4 d5 3. Nc3 Nf6 4. Bg5 Be7 5. e5 Nfd7 6. Bxe7 Qxe7 7. f4 Qb4 8. a3
Qb6 9. b4 a5 10. Na4 Qa7 11. Nf3 O-O 12. Bd3 axb4 13. axb4 Nc6 14. c3 Nb6 15.
Nxb6 Qxa1 16. Nxa8 Qxa8 17. O-O f5 18. exf6 Rxf6 19. Qc2 h6 20. b5 Nb8 21. Qb2
Nd7 22. Ra1 Qb8 23. Qe2 c5 24. bxc6 bxc6 25. g3 c5 26. Bb5 cxd4 27. cxd4 g6 28.
Bxd7 Bxd7 29. Ne5 Bb5 30. Qb2 Qe8 31. Ng4 Rf8 32. Nxh6+ Kg7 33. Ng4 Rf7 34. Qc2
Rb7 35. Ne5 Kf6 36. Rb1 Kg7 37. h3 Kh6 38. Qc5 Kh7 39. Qd6 Qc8 40. Nf3 Kg7 41.
Ng5 Kh6 42. Nxe6 Bd3 43. Re1 Be4 44. Qe5 Bf5 45. Nc5 Rb1 46. Rxb1 Bxb1 47. g4
Kh7 48. Qxd5 Kh6 49. Qf7 Qh8 50. Ne6 Ba2 51. Kh2 Bc4 52. Qe7 g5 53. fxg5+ Kg6
54. Nf4# {Hossa checkmated} 1-0

[Event "ICS rated standard match"]
[Site "207.99.83.229"]
[Date "1999.07.10"]
[Round "?"]
[White "Hossa"]
[Black "spunik"]
[Result "1/2-1/2"]
[WhiteElo "2217"]
[BlackElo "2006"]
[PlyCount "85"]

1. e4 c5 2. Nf3 d6 3. d4 cxd4 4. Nxd4 Nf6 5. Nc3 a6 6. Be2 e6 7. O-O Be7 8. f4
Nc6 9. Nxc6 bxc6 10. e5 dxe5 11. Qxd8+ Bxd8 12. fxe5 Bb6+ 13. Kh1 Nd5 14. Ne4
O-O 15. c4 Ne3 16. Bxe3 Bxe3 17. Rad1 c5 18. Bh5 g6 19. Rde1 Bd4 20. Nf6+ Kg7
21. Bf3 Rb8 22. b3 Rd8 23. Re2 Bb7 24. Bxb7 Rxb7 25. g4 h6 26. Kg2 a5 27. h4 a4
28. bxa4 Rb4 29. Rc1 Rxa4 30. Rcc2 Ra5 31. g5 Ra3 32. Ng4 h5 33. Nh2 Kf8 34.
Nf3 Ke7 35. Re4 Ba1 36. Re1 Rdd3 37. Rxa1 Rxf3 38. Rb1 Rg3+ 39. Kf1 Rgf3+ 40.
Kg2 Rg3+ 41. Kf1 Rgf3+ 42. Kg2 Rg3+ 43. Kf1 {Game drawn by repetition} 1/2-1/2